| 000 | 00999nam a2200241Ii 4500 | ||
|---|---|---|---|
| 003 | JO-AjNU | ||
| 008 | 230605s9999||||xx |||||||||||||| ||und|| | ||
| 017 | _a2006/6017 | ||
| 020 | _a99901-15-43-5 | ||
| 040 |
_aJO-AjNU _bara _erda _cJO-AjNU |
||
| 041 | _aara | ||
| 050 | 1 | 4 | _aK2015.4.2007 |
| 100 | 3 |
_a البطراوي ، عبد الوهاب عمر , _eauthor _953040 |
|
| 245 | 0 | 0 | _aشرح قانون الإجراءات الجنائية في القانون البحريني مقارنة بالقانون الأردني |
| 250 | _aط1 | ||
| 264 | 3 | 1 | _aمملكة البحرين : جامعة العلوم التطبيقية ، 2006 |
| 300 | _a277ص | ||
| 336 |
_atext _btxt _2rdacontent |
||
| 337 |
_aunmediated _bn _2rdamedia |
||
| 338 |
_avolume _bnc _2rdacarrier |
||
| 490 | 0 | _aسلسلة الكتب القانونية (6) | |
| 650 | 4 |
_aقانون الإجراءات الجنائية -- مملكة البحرين -- قانون الإجراءات الجنائية -- الاردن _953041 |
|
| 999 |
_aA23532 _c27100 _d27100 |
||